[Event "Szombathely op"]
[Site "Szombathely"]
[Date "2010.07.29"]
[Round "3"]
[White "Remete, Eszter"]
[Black "Leviczki, Tibor"]
[Result "1/2-1/2"]
[WhiteElo "2051"]
[BlackElo "2393"]
[PlyCount "163"]
[EventDate "2010.07.27"]
[EventType "swiss"]
[EventRounds "7"]
[EventCountry "HUN"]
[SourceTitle "OM OTB B 201907"]
[Source "Opening Master"]
[SourceDate "2019.07.06"]
[SourceVersion "2"]
[SourceVersionDate "2019.07.06"]
[SourceQuality "1"]

1. e4 c5 2. Nf3 d6 3. d4 cxd4 4. Nxd4 Nf6 5. Nc3 Nc6 6. Be2 e5 7. Nf3 h6 8. O-O
Be7 9. Re1 O-O 10. h3 Be6 11. Bf1 Nb8 12. b3 a6 13. Nd5 Nxd5 14. exd5 Bf5 15.
c4 Nd7 16. Be3 Bg6 17. Nh2 Bg5 18. Qd2 Bxe3 19. Qxe3 Qg5 20. Nf3 Qxe3 21. Rxe3
f5 22. Rc1 Bh5 23. Nd2 a5 24. a3 Bf7 25. Be2 Rfc8 26. Rec3 Nf6 27. Bd3 g6 28.
Nf1 Rc7 29. Ne3 f4 30. Ng4 Nxg4 31. hxg4 Rac8 32. R3c2 Kg7 33. a4 Rc5 34. f3
Ra8 35. Kf2 Ra6 36. Rc3 Rb6 37. Ke2 Kf6 38. Be4 h5 39. gxh5 gxh5 40. Kf2 h4 41.
Rh1 Kg5 42. Rh2 Rc8 43. Rh1 Be8 44. Bd3 Bd7 45. Rh2 Rc5 46. Rh1 Ra6 47. Rcc1
Ra8 48. Rc2 Rh8 49. Rcc1 Kf6 50. Rb1 Ke7 51. Rh2 Kf6 52. Rbh1 Kg5 53. Rb1 Bf5
54. Ke2 Rc7 55. Rbh1 Rch7 56. Bxf5 Kxf5 57. Rh3 b6 58. Kd3 Rh5 59. R1h2 R8h7
60. Rh1 Rg7 61. Rxh4 Rxh4 62. Rxh4 Rxg2 63. Rh5+ Kg6 64. Rh8 Rb2 65. Rd8 Rxb3+
66. Ke2 Kf5 67. Rxd6 Rb2+ 68. Ke1 Rb4 69. Rc6 Rxa4 70. Kd2 Rb4 71. Rc8 Kf6 72.
Kc3 Ke7 73. Rc6 Kd7 74. Re6 b5 75. cxb5 Rxb5 76. Rxe5 a4 77. Re4 Rb3+ 78. Kc2
Rxf3 79. Rxa4 Kd6 80. Kd2 Ke5 81. Ke2 Re3+ 82. Kf2 1/2-1/2

[Event "Kemerovo op"]
[Site "Kemerovo"]
[Date "2010.07.28"]
[Round "4"]
[White "Anastasiev, Victor"]
[Black "Storozhev, Nikolai"]
[Result "0-1"]
[WhiteElo "2090"]
[BlackElo "2060"]
[PlyCount "62"]
[EventDate "2010.07.26"]
[EventType "swiss"]
[EventRounds "9"]
[EventCountry "RUS"]
[SourceTitle "OM OTB B 201907"]
[Source "Opening Master"]
[SourceDate "2019.07.06"]
[SourceVersion "2"]
[SourceVersionDate "2019.07.06"]
[SourceQuality "1"]

1. e4 c5 2. Nf3 Nc6 3. d4 cxd4 4. Nxd4 Nf6 5. Nc3 d6 6. Be2 e5 7. Nxc6 bxc6 8.
O-O Be7 9. f4 exf4 10. Rxf4 Qb6+ 11. Kh1 O-O 12. Na4 Qa5 13. c4 Qe5 14. Nc3 Rb8
15. Rf1 Nxe4 16. Nxe4 Qxe4 17. Bd3 Qh4 18. Rf4 Qg5 19. Rf5 Qg6 20. Rf4 f5 21.
b3 Bf6 22. Rb1 Be5 23. Rh4 c5 24. Be2 Bb7 25. Bf3 Bxf3 26. gxf3 f4 27. Bb2 Bxb2
28. Rxb2 Qf6 29. Qd5+ Rf7 30. Qh5 g6 31. Rg2 Qa1+ 0-1

[Event "Klaipeda Sea op"]
[Site "Klaipeda"]
[Date "2010.07.27"]
[Round "3"]
[White "Ziogaite, Jovita"]
[Black "Stremavicius, Titas"]
[Result "1-0"]
[WhiteElo "2090"]
[BlackElo "1912"]
[PlyCount "71"]
[EventDate "2010.07.26"]
[EventType "swiss"]
[EventRounds "9"]
[EventCountry "LTU"]
[SourceTitle "OM OTB B 201907"]
[Source "Opening Master"]
[SourceDate "2019.07.06"]
[SourceVersion "2"]
[SourceVersionDate "2019.07.06"]
[SourceQuality "1"]

1. e4 c5 2. Nf3 d6 3. d4 cxd4 4. Nxd4 Nf6 5. Nc3 Nc6 6. Be2 e5 7. Nf3 Be7 8.
O-O O-O 9. Kh1 Be6 10. Ng5 d5 11. exd5 Bxd5 12. Bd3 h6 13. Nh7 Bxg2+ 14. Kxg2
Nxh7 15. Qf3 Bg5 16. Be3 Nd4 17. Qe4 Nf6 18. Qxe5 Nc6 19. Qg3 Nh5 20. Qh3 Nf4+
21. Bxf4 Bxf4 22. Kh1 Ne5 23. Be4 Qd7 24. Bf5 Qc6+ 25. f3 Nc4 26. Bd7 Qc5 27.
Rg1 Ne5 28. Bf5 Kh8 29. Be4 Nc4 30. Nd5 f5 31. Nxf4 fxe4 32. Rxg7 Rf6 33. Qd7
Qf5 34. Ng6+ Qxg6 35. Rxg6 Rxg6 36. Qd4+ 1-0

[Event "Lefkosia op"]
[Site "Lefkosia"]
[Date "2010.07.26"]
[Round "5"]
[White "Margaritis, Ioannis"]
[Black "Riza, Conrad"]
[Result "0-1"]
[WhiteElo "1585"]
[BlackElo "2085"]
[PlyCount "120"]
[EventDate "2010.07.19"]
[EventType "swiss"]
[EventRounds "7"]
[EventCountry "CYP"]
[SourceTitle "OM OTB B 201907"]
[Source "Opening Master"]
[SourceDate "2019.07.06"]
[SourceVersion "2"]
[SourceVersionDate "2019.07.06"]
[SourceQuality "1"]

1. e4 c5 2. Nf3 Nc6 3. d4 cxd4 4. Nxd4 Nf6 5. Nc3 d6 6. Be2 e5 7. Nb3 h6 8. Be3
Be6 9. f4 exf4 10. Bxf4 a6 11. Qd2 Be7 12. O-O-O Ne5 13. Nd4 Qc7 14. Nxe6 fxe6
15. Kb1 b5 16. Bxe5 dxe5 17. Bd3 Rd8 18. Qe2 Qa5 19. Rc1 Bb4 20. Nxb5 axb5 21.
Bxb5+ Ke7 22. a4 Qb6 23. c3 Bc5 24. Rhf1 Be3 25. Rce1 Bg5 26. Qf2 Qxf2 27. Rxf2
Ng4 28. Rf3 h5 29. h3 Nf6 30. b4 h4 31. Re2 Rd1+ 32. Kc2 Rhd8 33. Bd3 Ra1 34.
Kb3 Rc8 35. b5 Kd6 36. Kb4 Bc1 37. g4 Ra3 38. Bc4 Rxc4+ 39. Kxc4 Rxa4+ 40. Kd3
Kc5 41. Rc2 Bf4 42. c4 g5 43. Rc3 Nd7 44. Rf2 Kb6 45. Ke2 Ra2+ 46. Kf3 Ra1 47.
Ke2 Kc5 48. Kd3 Rd1+ 49. Kc2 Rd4 50. Kb3 Rxe4 51. Ra2 Nb6 52. Ra6 Re3 53. Rxe3
Bxe3 54. Kc3 e4 55. Ra2 Bd4+ 56. Kb3 e3 57. Re2 e5 58. Rc2 e4 59. Re2 Nd7 60.
Rc2 Be5 0-1

[Event "SRB-ch U20 Girls"]
[Site "Banja Vrujci"]
[Date "2010.07.23"]
[Round "8"]
[White "Velikic, Adela"]
[Black "Tomin, Ksenija"]
[Result "1-0"]
[WhiteElo "1619"]
[BlackElo "1909"]
[PlyCount "67"]
[EventDate "2010.07.16"]
[EventType "tourn"]
[EventRounds "9"]
[EventCountry "SRB"]
[SourceTitle "OM OTB B 201907"]
[Source "Opening Master"]
[SourceDate "2019.07.06"]
[SourceVersion "2"]
[SourceVersionDate "2019.07.06"]
[SourceQuality "1"]

1. e4 c5 2. Nf3 d6 3. d4 cxd4 4. Nxd4 Nf6 5. Nc3 Nc6 6. Be2 e5 7. Nb3 Be7 8.
O-O Be6 9. Kh1 O-O 10. f4 a5 11. a4 Nb4 12. f5 Bd7 13. Bg5 Bc6 14. Bxf6 Bxf6
15. Nd5 Bg5 16. c3 Nxd5 17. exd5 Bd7 18. Nd2 Bxd2 19. Qxd2 Qh4 20. Rf3 Rac8 21.
Bb5 Bxb5 22. axb5 b6 23. f6 Rc4 24. fxg7 Kxg7 25. Raf1 Rg4 26. g3 Qe7 27. Qf2
Qc7 28. Rf6 Rg6 29. h4 Qd7 30. Kh2 Qc7 31. h5 Rg5 32. Rf5 Rxf5 33. Qxf5 Qc4 34.
h6+ 1-0

[Event "Senta op-B 14th"]
[Site "Senta"]
[Date "2010.07.22"]
[Round "7"]
[White "Arsic, Djordje"]
[Black "Jaklin, Damir"]
[Result "0-1"]
[WhiteElo "1788"]
[BlackElo "2021"]
[PlyCount "76"]
[EventDate "2010.07.17"]
[EventType "swiss"]
[EventRounds "9"]
[EventCountry "YUG"]
[SourceTitle "OM OTB B 201907"]
[Source "Opening Master"]
[SourceDate "2019.07.06"]
[SourceVersion "2"]
[SourceVersionDate "2019.07.06"]
[SourceQuality "1"]

1. e4 c5 2. Nf3 d6 3. d4 cxd4 4. Nxd4 Nf6 5. Nc3 Nc6 6. Be2 e5 7. Nb3 Be6 8.
Be3 Be7 9. f3 d5 10. exd5 Nxd5 11. Nxd5 Qxd5 12. Qxd5 Bxd5 13. O-O-O O-O-O 14.
Kb1 b6 15. Nd2 Kc7 16. f4 exf4 17. Bxf4+ Bd6 18. Bxd6+ Rxd6 19. Nf3 Re8 20.
Rhe1 Rxe2 21. Rxe2 Bxf3 22. Rxd6 Bxe2 23. Rd2 Bg4 24. c3 Bf5+ 25. Kc1 Be4 26.
Re2 f5 27. Kd2 Kd6 28. Ke3 Ke5 29. g3 g5 30. Rd2 Bd5 31. b3 b5 32. Rf2 Ne7 33.
h4 f4+ 34. gxf4+ gxf4+ 35. Ke2 Nf5 36. Rh2 Ng3+ 37. Kf2 Ne4+ 38. Kf1 f3 0-1

[Event "Antakya op"]
[Site "Antakya"]
[Date "2010.07.17"]
[Round "5"]
[White "Yalim, Suleyman"]
[Black "Guliev, Logman"]
[Result "1-0"]
[WhiteElo "2121"]
[BlackElo "2437"]
[PlyCount "83"]
[EventDate "2010.07.15"]
[EventType "swiss"]
[EventRounds "9"]
[EventCountry "TUR"]
[SourceTitle "OM OTB B 201907"]
[Source "Opening Master"]
[SourceDate "2019.07.06"]
[SourceVersion "2"]
[SourceVersionDate "2019.07.06"]
[SourceQuality "1"]

1. e4 c5 2. Nf3 Nc6 3. d4 cxd4 4. Nxd4 Nf6 5. Nc3 d6 6. Be2 e5 7. Nf3 h6 8. h3
Be7 9. Be3 a6 10. a4 Be6 11. O-O O-O 12. Nd2 Na5 13. Kh1 Rc8 14. f4 exf4 15.
Bxf4 d5 16. e5 Nd7 17. Nf3 Nc4 18. Nxd5 Nxb2 19. Nxe7+ Qxe7 20. Qb1 Qb4 21. Bd2
Qb6 22. a5 Qc7 23. Qxb2 Nc5 24. Bb4 Rfd8 25. Bxc5 Qxc5 26. Rfd1 Qf2 27. Ng1 Bd5
28. Rxd5 Rxd5 29. Qxb7 Qc5 30. Qxa6 Rxe5 31. Bf3 Rce8 32. Qf1 Qa7 33. a6 Rf5
34. c3 Re6 35. Qd3 Rff6 36. Bb7 Rd6 37. Qc4 g5 38. Nf3 Rf4 39. Nd4 g4 40. hxg4
h5 41. Qc8+ Kh7 42. Qc7 1-0

[Event "SVK-ch op-A"]
[Site "Banska Stiavnica"]
[Date "2010.07.16"]
[Round "7"]
[White "Rigo, Janos"]
[Black "Likavsky, Tomas"]
[Result "1/2-1/2"]
[WhiteElo "2321"]
[BlackElo "2440"]
[PlyCount "208"]
[EventDate "2010.07.10"]
[EventType "swiss"]
[EventRounds "9"]
[EventCountry "SVK"]
[SourceTitle "OM OTB B 201907"]
[Source "Opening Master"]
[SourceDate "2019.07.06"]
[SourceVersion "2"]
[SourceVersionDate "2019.07.06"]
[SourceQuality "1"]

1. e4 c5 2. Nf3 d6 3. d4 cxd4 4. Nxd4 Nf6 5. Nc3 Nc6 6. Be2 e5 7. Nb3 Be7 8. g4
h6 9. Be3 Be6 10. Rg1 d5 11. exd5 Nxd5 12. Nxd5 Qxd5 13. Qxd5 Bxd5 14. O-O-O
O-O-O 15. c4 Be4 16. Rxd8+ Rxd8 17. a3 Nd4 18. Bd1 Bd3 19. g5 hxg5 20. Bxg5 f6
21. Nxd4 fxg5 22. Ne6 Rh8 23. Rg3 e4 24. h3 Rh6 25. Nxg5 Rc6 26. Kd2 Rxc4 27.
f3 Rd4 28. fxe4 Bxe4+ 29. Kc3 Rxd1 30. Nxe4 Rd7 31. Kc4 Bd8 32. b4 Bc7 33. Rg5
Bf4 34. Rc5+ Kb8 35. Rd5 Re7 36. Kd3 Bc1 37. a4 Ba3 38. b5 Kc7 39. a5 Bb4 40.
a6 bxa6 41. bxa6 Kb6 42. h4 Kxa6 43. h5 Ba3 44. Ng3 Rf7 45. Nf5 Bf8 46. Kc4 Kb6
47. Rb5+ Kc7 48. Ra5 a6 49. Nxg7 Rxg7 50. Rxa6 Rg4+ 51. Kd3 Bd6 52. h6 Rh4 53.
h7 Kd7 54. Ra7+ Bc7 55. h8=Q Rxh8 56. Ke4 Rh4+ 57. Kd5 Rh5+ 58. Ke4 Kd6 59.
Ra6+ Kc5 60. Ra7 Kc6 61. Ra6+ Kb5 62. Ra2 Ba5 63. Rb2+ Kc4 64. Rb8 Bb4 65. Rc8+
Bc5 66. Ra8 Rh1 67. Ra4+ Bb4 68. Ke3 Re1+ 69. Kf3 Re8 70. Kf4 Kc5 71. Kf3 Re7
72. Kf2 Bc3 73. Kf3 Kd5 74. Rh4 Bd4 75. Rh5+ Be5 76. Ke3 Ra7 77. Kd3 Ra3+ 78.
Kc2 Rg3 79. Kd2 Ke4 80. Rh4+ Bf4+ 81. Kc2 Rf3 82. Rh7 Be5 83. Rh4+ Ke3 84. Rh5
Bd4 85. Rh2 Rg3 86. Rd2 Rg8 87. Rd3+ Ke4 88. Rh3 Rg2+ 89. Kb3 Rb2+ 90. Kc4 Rc2+
91. Kb3 Rc7 92. Rh4+ Kd3 93. Rh3+ Be3 94. Rh4 Rc8 95. Rb4 Bd2 96. Rb7 Bc3 97.
Ka4 Rc5 98. Rb5 Rc4+ 99. Kb3 Bd4 100. Rh5 Rc1 101. Rh3+ Be3 102. Rh2 Rg1 103.
Rh3 Rb1+ 104. Ka4 Rb8 1/2-1/2

[Event "Niedersachsen-ch Seniors op 13th"]
[Site "Bad Bevensen"]
[Date "2010.07.13"]
[Round "8"]
[White "Zunker, Reinhard"]
[Black "Baum, Bernd"]
[Result "1/2-1/2"]
[WhiteElo "2118"]
[BlackElo "2218"]
[PlyCount "35"]
[EventDate "2010.07.06"]
[EventType "swiss"]
[EventRounds "9"]
[EventCountry "GER"]
[SourceTitle "OM OTB B 201907"]
[Source "Opening Master"]
[SourceDate "2019.07.06"]
[SourceVersion "2"]
[SourceVersionDate "2019.07.06"]
[SourceQuality "1"]

1. e4 c5 2. Nf3 Nc6 3. Nc3 d6 4. d4 cxd4 5. Nxd4 Nf6 6. Be2 e5 7. Nb3 Be7 8. f3
O-O 9. Be3 Be6 10. Qd2 d5 11. exd5 Nxd5 12. Nxd5 Qxd5 13. Qxd5 Bxd5 14. c4 Be6
15. Nc5 Bf5 16. a3 Nd4 17. Bxd4 exd4 18. Bd3 1/2-1/2

[Event "Leros Artemis Cup 2nd"]
[Site "Leros"]
[Date "2010.07.13"]
[Round "1"]
[White "Almer, Julia"]
[Black "Jankovic, Alojzije"]
[Result "0-1"]
[WhiteElo "1908"]
[BlackElo "2567"]
[PlyCount "50"]
[EventDate "2010.07.13"]
[EventType "swiss"]
[EventRounds "9"]
[EventCountry "GRE"]
[SourceTitle "OM OTB B 201907"]
[Source "Opening Master"]
[SourceDate "2019.07.06"]
[SourceVersion "2"]
[SourceVersionDate "2019.07.06"]
[SourceQuality "1"]

1. e4 c5 2. Nf3 Nc6 3. d4 cxd4 4. Nxd4 Nf6 5. Nc3 d6 6. Be2 e5 7. Nb3 Be7 8.
O-O a5 9. a4 O-O 10. Be3 Nb4 11. Bf3 Be6 12. Re1 h6 13. h3 Qc7 14. Rc1 Rfc8 15.
Nb5 Qd8 16. Nd2 d5 17. exd5 Nfxd5 18. Nf1 Qf8 19. Bd2 Rd8 20. Qe2 Rac8 21. c3
Nc6 22. Rcd1 Nb6 23. Ra1 Bc4 24. Qd1 Bxf1 25. Kxf1 Bg5 0-1

[Event "Rethymnon op 2nd"]
[Site "Rethymnon"]
[Date "2010.07.13"]
[Round "1"]
[White "Georgantas, Antonios1"]
[Black "Zinchenko, Yaroslav"]
[Result "0-1"]
[WhiteElo "1844"]
[BlackElo "2544"]
[PlyCount "64"]
[EventDate "2010.07.13"]
[EventType "swiss"]
[EventRounds "9"]
[EventCountry "GRE"]
[SourceTitle "OM OTB B 201907"]
[Source "Opening Master"]
[SourceDate "2019.07.06"]
[SourceVersion "2"]
[SourceVersionDate "2019.07.06"]
[SourceQuality "1"]

1. e4 c5 2. Nf3 Nc6 3. d4 cxd4 4. Nxd4 Nf6 5. Nc3 d6 6. Be2 e5 7. Nb3 Be7 8.
O-O O-O 9. Be3 a5 10. a4 Nb4 11. f3 Be6 12. Na2 Nxa2 13. Rxa2 d5 14. exd5 Nxd5
15. Bf2 Qc8 16. Ra1 Rd8 17. Bd3 Nf4 18. Bb6 Bxb3 19. Bxd8 Qc5+ 20. Kh1 Rxd8 21.
cxb3 Nxd3 22. Qd2 f5 23. h3 Bh4 24. Qc3 Qxc3 25. bxc3 e4 26. fxe4 fxe4 27. Kh2
Bf6 28. Ra2 Bxc3 29. Re2 Re8 30. Rf5 e3 31. Kg3 Nc1 32. Rc2 Bd2 0-1

[Event "MNT-ch 62nd"]
[Site "Cetinje"]
[Date "2010.07.12"]
[Round "10"]
[White "Krivokapic, Marko"]
[Black "Ivanovic, Bozidar"]
[Result "1/2-1/2"]
[WhiteElo "2433"]
[BlackElo "2410"]
[PlyCount "84"]
[EventDate "2010.07.02"]
[EventType "tourn"]
[EventRounds "11"]
[EventCountry "MNE"]
[EventCategory "6"]
[SourceTitle "OM OTB B 201907"]
[Source "Opening Master"]
[SourceDate "2019.07.06"]
[SourceVersion "2"]
[SourceVersionDate "2019.07.06"]
[SourceQuality "1"]

1. e4 c5 2. Nf3 d6 3. d4 cxd4 4. Nxd4 Nf6 5. Nc3 Nc6 6. Be2 e5 7. Nf3 Be7 8.
O-O O-O 9. Bg5 Be6 10. Bxf6 Bxf6 11. Nd5 Nd4 12. Nxf6+ Qxf6 13. Nxd4 exd4 14.
Bd3 Rac8 15. b3 Rc5 16. f4 Bd7 17. Qe2 Re8 18. Rae1 Qh6 19. Qf2 Rh5 20. Qg3 Bb5
21. Bxb5 Rxb5 22. Qd3 Rh5 23. h3 Rc5 24. Rf2 Qf6 25. Rd1 Rec8 26. Qxd4 Qxd4 27.
Rxd4 Rxc2 28. Rxd6 Rxf2 29. Kxf2 Rc2+ 30. Kf3 g5 31. Rd7 Rxa2 32. Rxb7 gxf4 33.
e5 a5 34. Ra7 Ra3 35. Kxf4 Rxb3 36. Rxa5 Kg7 37. h4 Rb2 38. g3 Rf2+ 39. Ke3 Rf1
40. Ra4 f6 41. Rg4+ Kh6 42. exf6 Rxf6 1/2-1/2

[Event "Ch (team) (juniors) (1 liga)"]
[Site "Suchedniow (Poland)"]
[Date "2010.07.12"]
[Round "7"]
[White "Lewtak, Dominik"]
[Black "Piotrowski, Przemyslaw"]
[Result "0-1"]
[WhiteElo "1604"]
[BlackElo "1862"]
[PlyCount "157"]
[EventDate "2010.??.??"]
[EventRounds "9"]
[EventCountry "POL"]
[SourceTitle "OM OTB B 201907"]
[Source "Opening Master"]
[SourceDate "2019.07.06"]
[SourceVersion "2"]
[SourceVersionDate "2019.07.06"]
[SourceQuality "1"]

1. e4 c5 2. Nf3 d6 3. d4 cxd4 4. Nxd4 Nf6 5. Nc3 Nc6 6. Be2 e5 7. Nf3 Be7 8. h3
O-O 9. Be3 Qa5 10. Nd2 Be6 11. O-O Rad8 12. Nb3 Qc7 13. Qd2 b6 14. Bf3 Nb4 15.
Rae1 Bc4 16. a3 Bxf1 17. Rxf1 Na6 18. Qe2 Nc5 19. Bxc5 dxc5 20. Re1 Bd6 21. Nd2
Rfe8 22. Nc4 Qb7 23. Rd1 Qb8 24. Ne3 Bf8 25. Ned5 Nxd5 26. Nxd5 Re6 27. Bg4
Red6 28. Rd3 Qb7 29. Rg3 g6 30. h4 Bg7 31. c4 b5 32. b3 bxc4 33. Qxc4 Kh8 34.
Ne3 Qe7 35. h5 Rd4 36. Qc2 Rd2 37. Qc3 R2d3 38. Qc2 Qb7 39. Qxc5 Qxe4 40. hxg6
fxg6 41. Qxa7 Rxb3 42. Qe7 Rf8 43. Bf5 Rb1+ 44. Kh2 Qb7 45. Qxb7 Rxb7 46. Be4
Ra7 47. Nd1 Rf4 48. Re3 Rd7 49. Bc2 Rd2 50. Bb3 Rfd4 51. Rc3 Bf6 52. Rf3 Bg5
53. Ne3 Bf4+ 54. Kg1 Rb2 55. g3 Rxb3 56. gxf4 exf4 57. Nc2 Rxf3 58. Nxd4 Rxa3
59. Kg2 g5 60. Nb5 Rd3 61. Nc7 Kg7 62. Ne6+ Kf6 63. Nc5 Ra3 64. Ne4+ Kf5 65.
Nd2 g4 66. Nc4 Ra2 67. Nd6+ Ke6 68. Ne4 Ke5 69. Nc3 Ra1 70. Nb5 h5 71. f3 g3
72. Nc3 Rc1 73. Ne2 Rc2 74. Kf1 Rxe2 75. Kxe2 Kd4 76. Kf1 Ke3 77. Kg2 h4 78.
Kg1 Kxf3 79. Kf1 0-1

[Event "Klatovy op"]
[Site "Klatovy"]
[Date "2010.07.11"]
[Round "9"]
[White "Vedral, Oldrich"]
[Black "Herejk, Petr"]
[Result "1/2-1/2"]
[WhiteElo "2303"]
[BlackElo "2200"]
[PlyCount "125"]
[EventDate "2010.07.03"]
[EventType "swiss"]
[EventRounds "9"]
[EventCountry "CZE"]
[SourceTitle "OM OTB B 201907"]
[Source "Opening Master"]
[SourceDate "2019.07.06"]
[SourceVersion "2"]
[SourceVersionDate "2019.07.06"]
[SourceQuality "1"]

1. e4 c5 2. Nf3 d6 3. d4 cxd4 4. Nxd4 Nf6 5. Nc3 Nc6 6. Be2 e5 7. Nb3 Be7 8.
O-O O-O 9. f4 exf4 10. Bxf4 Be6 11. Kh1 a6 12. Nd4 Nxd4 13. Qxd4 Qc7 14. e5
dxe5 15. Bxe5 Rad8 16. Qe3 Qc5 17. Qxc5 Bxc5 18. Bxf6 gxf6 19. Ne4 Bd4 20. Bd3
Kg7 21. Ng3 Bxb2 22. Rab1 Be5 23. Rxb7 Bxg3 24. hxg3 Bxa2 25. Ra7 Rd6 26. Rxa6
Rxa6 27. Bxa6 Rd8 28. Bd3 Rd4 29. Rf4 Rd5 30. Kg1 Rc5 31. Kf1 Bb1 32. Rf5 Rc7
33. Rf2 Rc5 34. Ke1 Rg5 35. Rf3 Ba2 36. c4 Rg4 37. c5 Bd5 38. Re3 Bxg2 39. Be2
Rb4 40. Rc3 Bc6 41. Kf2 Kf8 42. Bf3 Bxf3 43. Kxf3 Ke7 44. c6 Kd8 45. Rd3+ Kc7
46. Rd7+ Kxc6 47. Rxf7 Kd5 48. Rxf6 Rb7 49. Kf4 Rg7 50. g4 Ra7 51. Kf5 Ra1 52.
Rh6 Rf1+ 53. Kg5 Rf7 54. Rh1 Rg7+ 55. Kh5 Ke6 56. Rf1 Ke7 57. g5 Rg6 58. Rf4
Ke8 59. Rf1 Ke7 60. Rh1 Kf7 61. Kg4 Kg7 62. Kf5 Ra6 63. Rb1 1/2-1/2

[Event "South Wales op 7th"]
[Site "Treforest"]
[Date "2010.07.11"]
[Round "3"]
[White "Guy, David T"]
[Black "Rusev, Krasimir"]
[Result "0-1"]
[WhiteElo "1956"]
[BlackElo "2543"]
[PlyCount "40"]
[EventDate "2010.07.10"]
[EventType "swiss"]
[EventRounds "9"]
[EventCountry "WLS"]
[SourceTitle "OM OTB B 201907"]
[Source "Opening Master"]
[SourceDate "2019.07.06"]
[SourceVersion "2"]
[SourceVersionDate "2019.07.06"]
[SourceQuality "1"]

1. e4 c5 2. Nf3 d6 3. d4 Nf6 4. Nc3 cxd4 5. Nxd4 Nc6 6. Be2 e5 7. Nb3 Be7 8.
O-O O-O 9. Be3 a5 10. a4 Be6 11. Nd2 Nb4 12. Nc4 Ra6 13. f3 Rc6 14. Na3 d5 15.
Nxd5 Nbxd5 16. exd5 Nxd5 17. Bf2 Bc5 18. Bb5 Rc8 19. Qe2 Qg5 20. Bxc5 Nf4 0-1

[Event "Paris-ch op-A"]
[Site "Paris"]
[Date "2010.07.10"]
[Round "8"]
[White "Guez, Fabien"]
[Black "Bochef, Bryann"]
[Result "1/2-1/2"]
[WhiteElo "2047"]
[BlackElo "1933"]
[PlyCount "80"]
[EventDate "2010.07.03"]
[EventType "swiss"]
[EventRounds "9"]
[EventCountry "FRA"]
[SourceTitle "OM OTB B 201907"]
[Source "Opening Master"]
[SourceDate "2019.07.06"]
[SourceVersion "2"]
[SourceVersionDate "2019.07.06"]
[SourceQuality "1"]

1. e4 c5 2. Nf3 d6 3. d4 cxd4 4. Nxd4 Nf6 5. Nc3 Nc6 6. Be2 e5 7. Nb3 Be7 8.
O-O O-O 9. Be3 Be6 10. f3 d5 11. exd5 Bxd5 12. Nxd5 Nxd5 13. Bf2 Bg5 14. Re1
Be3 15. Bxe3 Nxe3 16. Qxd8 Rfxd8 17. Bd1 Nc4 18. Nc5 Nxb2 19. Nxb7 Rd5 20. c4
Nxc4 21. Bb3 Rd4 22. Rac1 N6a5 23. Nxa5 Nxa5 24. Rxe5 Nxb3 25. axb3 Rb4 26. Rc3
Kf8 27. Kf2 Rab8 28. Ree3 f5 29. Ke2 Kf7 30. Kd2 a5 31. Rc7+ Kf6 32. Ree7 g5
33. Rxh7 Rxb3 34. Rh6+ Ke5 35. Rc5+ Kd4 36. Rc2 a4 37. Rd6+ Ke5 38. Ra6 a3 39.
Ra4 R8b4 40. Ra5+ Rb5 1/2-1/2

[Event "Canadian op"]
[Site "Toronto"]
[Date "2010.07.10"]
[Round "1"]
[White "Barron, Michael"]
[Black "Doubleday, William G"]
[Result "1-0"]
[WhiteElo "2249"]
[BlackElo "2081"]
[PlyCount "111"]
[EventDate "2010.07.10"]
[EventType "swiss"]
[EventRounds "9"]
[EventCountry "CAN"]
[SourceTitle "OM OTB B 201907"]
[Source "Opening Master"]
[SourceDate "2019.07.06"]
[SourceVersion "2"]
[SourceVersionDate "2019.07.06"]
[SourceQuality "1"]

1. e4 c5 2. Nf3 Nc6 3. d4 cxd4 4. Nxd4 Nf6 5. Nc3 d6 6. Be2 e5 7. Nb3 Be7 8.
O-O O-O 9. Kh1 a5 10. a4 Nb4 11. f4 Bd7 12. Bf3 Bc6 13. Be3 Qc7 14. Rf2 Rfd8
15. Rd2 b6 16. Nd5 Bxd5 17. exd5 e4 18. Be2 Qb7 19. c4 Re8 20. Qg1 Rab8 21. Nd4
Nd7 22. Nf5 Qc7 23. Bd4 Bf8 24. Rf1 Nc5 25. Bd1 Qd7 26. g4 Nxa4 27. g5 Nc5 28.
Nh6+ Kh8 29. Bh5 Re7 30. f5 Nb3 31. f6 Nxd2 32. fxg7+ Bxg7 33. Bxg7+ Kxg7 34.
Qd4+ Re5 35. Rxf7+ Qxf7 36. Nxf7 Nf3 37. Qc3 Nd3 38. Nxe5 Nfxe5 39. Be2 Rf8 40.
Qd4 Kg8 41. Qxb6 Nxc4 42. Qc7 Nce5 43. Qxd6 Rf2 44. Qd8+ Rf8 45. Qxa5 Rf2 46.
Qd8+ Rf8 47. Qb6 Nf2+ 48. Kg2 Ned3 49. Bxd3 Nxd3 50. Qe6+ Kg7 51. Qxe4 Nf4+ 52.
Kg3 Ng6 53. d6 Rd8 54. Qd4+ Kf7 55. Qf6+ Ke8 56. Qe6+ 1-0

[Event "Condom op 10th"]
[Site "Condom"]
[Date "2010.07.10"]
[Round "1"]
[White "Catala, Laurent"]
[Black "Daskevics, Vadims"]
[Result "0-1"]
[WhiteElo "1868"]
[BlackElo "2414"]
[PlyCount "76"]
[EventDate "2010.07.??"]
[EventType "swiss"]
[EventRounds "9"]
[EventCountry "FRA"]
[SourceTitle "OM OTB B 201907"]
[Source "Opening Master"]
[SourceDate "2019.07.06"]
[SourceVersion "2"]
[SourceVersionDate "2019.07.06"]
[SourceQuality "1"]

1. e4 c5 2. Nf3 Nc6 3. d4 cxd4 4. Nxd4 Nf6 5. Nc3 d6 6. Be2 e5 7. Nf3 h6 8. h3
Be6 9. Be3 Be7 10. Qd2 Rc8 11. g4 d5 12. exd5 Nxd5 13. Nxd5 Qxd5 14. Qxd5 Bxd5
15. a3 h5 16. O-O-O Be4 17. Rhg1 hxg4 18. Rxg4 f5 19. Rxg7 Na5 20. Ne1 Kf8 21.
Rg1 Rxh3 22. Bxa7 Nb3+ 23. Kb1 Nc5 24. Bc4 Rh8 25. f3 Bc6 26. Kc1 b5 27. Ba2
Ra8 28. Bxc5 Bxc5 29. Rg6 Be8 30. Rf6+ Kg7 31. Rxf5 Be3+ 32. Kb1 Rh1 33. Rxe5
Rd8 34. Bd5 Bf2 35. Kc1 Bh5 36. Bc6 Bd4 37. Rxh5 Be3+ 38. Rd2 Rxe1# 0-1

[Event "CAN-ch U12"]
[Site "Windsor"]
[Date "2010.07.09"]
[Round "7"]
[White "Song, Edward"]
[Black "Lin, Tony"]
[Result "1/2-1/2"]
[WhiteElo "1850"]
[BlackElo "1882"]
[PlyCount "71"]
[EventDate "2010.07.06"]
[EventType "swiss"]
[EventRounds "7"]
[EventCountry "CAN"]
[SourceTitle "OM OTB B 201907"]
[Source "Opening Master"]
[SourceDate "2019.07.06"]
[SourceVersion "2"]
[SourceVersionDate "2019.07.06"]
[SourceQuality "1"]

1. e4 c5 2. Nf3 d6 3. d4 cxd4 4. Nxd4 Nf6 5. Nc3 Nc6 6. Be2 e5 7. Nb3 Be6 8.
Be3 Be7 9. O-O O-O 10. Kh1 d5 11. exd5 Nxd5 12. Nxd5 Qxd5 13. Qxd5 Bxd5 14.
Rad1 Be6 15. a3 Rac8 16. Nc5 Bf5 17. c3 Nd4 18. cxd4 exd4 19. Bxd4 Bxc5 20.
Bxc5 Rxc5 21. Rd2 Rfc8 22. Rfd1 g6 23. h3 Rc2 24. Bf3 R8c7 25. Kh2 Kg7 26. g4
Be6 27. Kg3 Kf6 28. Be4 Rxd2 29. Rxd2 b6 30. f4 Rd7 31. Rxd7 Bxd7 32. h4 Ke7
33. g5 Kd6 34. b4 Bc6 35. Kf3 a5 36. Ke3 1/2-1/2